El medio divino: ensayo de vida interior
Uloženo v:
| Hlavní autor: | |
|---|---|
| Médium: | Kniha |
| Jazyk: | španělština |
| Vydáno: |
Madrid
Taurus
1966
|
| Témata: | |
| Tagy: |
Přidat tag
Žádné tagy, Buďte první, kdo vytvoří štítek k tomuto záznamu!
|
MARC
| LEADER | 00000nam a2200000 a 4500 | ||
|---|---|---|---|
| 001 | UCZ6294 | ||
| 003 | CL-VaPUC | ||
| 008 | 951207e19660000SP |||||||||||||||||spa|d | ||
| 082 | 0 | 4 | |a 200.1 |b TEI |2 21 |
| 100 | 0 | |a Teilhard de Chardin, Pierre |e author |9 315457 | |
| 245 | 1 | 3 | |a El medio divino: ensayo de vida interior |
| 300 | |a 178 p | ||
| 942 | |c BK | ||
| 945 | |d 19951207 00:00:00 |a aalvarez | ||
| 260 | |a Madrid |b Taurus |c 1966 | ||
| 600 | 0 | |a Jesús |9 313614 | |
| 650 | 0 | |a Filosofía cristiana |9 265980 | |
| 650 | 0 | |a Cristianismo |9 257361 | |
| 583 | |a last modification |c 19951207 00:00:00 |k Rodrigo Vera | ||
| 999 | |c 242513 |d 242511 | ||
| 952 | |0 0 |1 0 |4 0 |6 200_100000000000000_TEI_1966 |7 0 |8 A |9 255529 |a BIBTEO |b BIBTEO |d 2019-11-19 |i 2022621 |o 200.1 TEI 1966 |p 2022621 |r 2025-01-17 |w 2019-11-19 |y BK |k ICR | ||